000 01804nam0a2200349 4500
001 RU\NLR\bibl\1967905
005 20260408222623.0
010 _a978-5-9282-0807-3
_9500
021 _aRU
_b2012-81799
_96057
035 _a(NLR Aleph) 001956792
090 _a3770548
_c3770548
100 _a20121116d2012 |||y0rusy50 ca
101 0 _arus
102 _aRU
105 _aa |||||||||
200 1 _aПрофессиональная подготовка женской части студенчества к активному продвижению в бизнесе и структурах управленческой деятельности
_fС.Н. Макарова, С.Д. Резник
_gМ-во образования и науки Рос. Федерации, Федер. гос. бюджет. образоват. учреждение высш. проф. образования "Пенз. гос. ун-т архитектуры и строительства"
210 _aПенза
_cПГУАС
_d2012
215 _a147 с.
_cил.
_d22
320 _aБиблиогр.: с. 109-115 (93 назв.)
606 1 _aМенеджеры
_xПодготовка
_91578674
_3RU\NLR\auth\66692565
606 _aБизнес-образование
_xУправление
_3RU\NLR\AUTH\6601755943
_92667916
686 1 _aЧ489.34(0)
686 1 _aЧ489.38
700 1 _4070
_8rus
_7ca
_aМакарова
_bС. Н.
_cканд. экон. наук, менеджмент
_gСветлана Николаевна
_3RU\NLR\auth\7741453
_924401
701 1 _4070
_8rus
_7ca
_aРезник
_bС. Д.
_f1941-
_gСемен Давыдович
_3RU\NLR\auth\7741465
_924413
801 0 _aRU
_bNLR
_c20121116
_gRCR
801 1 _aRU
_bNLR
_c20121116
942 _cBOOK
980 _aNBR
980 _aNB